[Event "Porto Sant Elpidio op 4th"]
[Site "Porto Sant Elpidio"]
[Date "2001.11.02"]
[Round "2"]
[White "Cellucci, Davide"]
[Black "Silvestri, Giorgio"]
[Result "0-1"]
[WhiteElo "1401"]
[BlackElo "1575"]
[PlyCount "79"]
[EventDate "2001.11.01"]
[EventType "swiss"]
[EventRounds "6"]
[EventCountry "ITA"]
[SourceTitle "EXT 2024"]
[Source "ChessBase"]
[SourceDate "2023.10.10"]
[SourceVersion "1"]
[SourceVersionDate "2023.10.10"]
[SourceQuality "1"]

1. e4 d5 2. e5 c5 3. d4 cxd4 4. Qxd4 a6 5. Nf3 Nc6 6. Qd1 Bg4 7. c3 Bxf3 8. Qxf3 Nxe5 9. Qd1 Nc6 10. Be3 e5 11. g3 Nf6 12. Bg2 Be7 13. 0-0 0-0 14. Re1 h6 15. Nd2 Qc7 16. Nb3 Rad8 17. Qe2 Rfe8 18. Rad1 Bf8 19. Kh1 Qc8 20. h3 Qc7 21. a4 Na5 22. Qc2 Nc4 23. Bc1 a5 24. Qf5 Qb6 25. Qc2 Qc6 26. Nd2 Nb6 27. b3 Qc7 28. Nb1 Rc8 29. Qf5 Re6 30. Bb2 g6 31. Qc2 Rce8 32. Qe2 e4 33. Qb5 e3 34. f4 Nh5 35. Kh2 e2 36. Rd2 Nxf4 37. gxf4 Qxf4+ 38. Kh1 Bd6 39. Kg1 Qh2+ 40. Kf2 0-1